Rape (Record no. 79954)
[ view plain ]
| 000 -LEADER | |
|---|---|
| fixed length control field | 01298nam a2200265 a 4500 |
| 008 - FIXED-LENGTH DATA ELEMENTS--GENERAL INFORMATION | |
| fixed length control field | 120416s1983 ||||||||||||||||| || u |
| 020 ## - INTERNATIONAL STANDARD BOOK NUMBER | |
| International Standard Book Number | 0801616204 |
| 050 ## - LIBRARY OF CONGRESS CALL NUMBER | |
| Classification number | RA 1141 Fol |
| 100 ## - MAIN ENTRY--PERSONAL NAME | |
| Personal name | Davies, Marilyn A |
| 245 10 - TITLE STATEMENT | |
| Title | Rape |
| 246 ## - | |
| -- | nursing care of victims |
| 260 ## - PUBLICATION, DISTRIBUTION, ETC. | |
| Place of publication, distribution, etc. | London |
| Name of publisher, distributor, etc. | The C.U. Mosby Co |
| Date of publication, distribution, etc. | 1983 |
| 300 ## - PHYSICAL DESCRIPTION | |
| Extent | xvi, 489p. : ill. |
| 350 ## - | |
| -- | 0.00 |
| 500 ## - GENERAL NOTE | |
| General note | Bibliography. |
| 650 ## - SUBJECT ADDED ENTRY--TOPICAL TERM | |
| Topical term or geographic name entry element | Rape - Psychological aspects |
| 650 ## - SUBJECT ADDED ENTRY--TOPICAL TERM | |
| Topical term or geographic name entry element | Rape victims - Counseling of |
| 650 ## - SUBJECT ADDED ENTRY--TOPICAL TERM | |
| Topical term or geographic name entry element | Gynecologic nursing |
| 650 ## - SUBJECT ADDED ENTRY--TOPICAL TERM | |
| Topical term or geographic name entry element | Rape victims - Medical care |
| 700 ## - ADDED ENTRY--PERSONAL NAME | |
| Personal name | Foley, Theresa S |
| 995 ## - | |
| -- | ANNEX COLLECTION (Main Library) |
| -- | 0.00 |
| -- | 714063 |
| -- | CBU-MAIN LIBRARY (Kitwe) |
| -- | 2 |
| -- | 21.00 |
| -- | RA 1141 Fol |
| -- | 2 |
| -- | AVAILABLE |
| -- | Apr 10, 2007 |
| -- | 013125 |
| -- | Annex Low-Usage Collection |
| 995 ## - | |
| -- | ANNEX COLLECTION (Main Library) |
| -- | 0.00 |
| -- | 714064 |
| -- | CBU-MAIN LIBRARY (Kitwe) |
| -- | 5 |
| -- | 21.00 |
| -- | RA 1141 Fol |
| -- | 5 |
| -- | AVAILABLE |
| -- | Apr 10, 2007 |
| -- | 013121 |
| -- | Annex Low-Usage Collection |
| 995 ## - | |
| -- | ANNEX COLLECTION (Main Library) |
| -- | 0.00 |
| -- | 714065 |
| -- | CBU-MAIN LIBRARY (Kitwe) |
| -- | 4 |
| -- | 21.00 |
| -- | RA 1141 Fol |
| -- | 4 |
| -- | AVAILABLE |
| -- | Apr 10, 2007 |
| -- | 013122 |
| -- | Annex Low-Usage Collection |
| 995 ## - | |
| -- | ANNEX COLLECTION (Main Library) |
| -- | 0.00 |
| -- | 721676 |
| -- | CBU-MAIN LIBRARY (Kitwe) |
| -- | 3 |
| -- | 21.00 |
| -- | RA 1141 Fol |
| -- | 3 |
| -- | AVAILABLE |
| -- | Apr 10, 2007 |
| -- | 013123 |
| -- | Annex Low-Usage Collection |
| 999 ## - | |
| -- | 79954 |
| -- | 79954 |
| Withdrawn status | Lost status | Source of classification or shelving scheme | Damaged status | Not for loan | Permanent Location | Current Location | Shelving location | Date acquired | Total Checkouts | Full call number | Barcode | Date last seen | Copy number | Price effective from | Koha item type |
|---|---|---|---|---|---|---|---|---|---|---|---|---|---|---|---|
| CBU-MAIN LIBRARY, KITWE. | CBU-MAIN LIBRARY, KITWE. | 06/29/2023 | RA 1141 Fol | 013125 | 06/29/2023 | 1 | 06/29/2023 | MONOGRAPH | |||||||
| Withdrawn | CBU-MAIN LIBRARY, KITWE. | CBU-MAIN LIBRARY, KITWE. | 06/29/2023 | RA 1141 Fol | 013121 | 06/29/2023 | 2 | 06/29/2023 | MONOGRAPH | ||||||
| CBU-MAIN LIBRARY, KITWE. | CBU-MAIN LIBRARY, KITWE. | 06/29/2023 | RA 1141 Fol | 013122 | 06/29/2023 | 3 | 06/29/2023 | MONOGRAPH | |||||||
| Withdrawn | CBU-MAIN LIBRARY, KITWE. | CBU-MAIN LIBRARY, KITWE. | 06/29/2023 | RA 1141 Fol | 013123 | 06/29/2023 | 4 | 06/29/2023 | MONOGRAPH |